Popelka : (Record no. 21506)
[ view plain ]
| 000 -LEADER | |
|---|---|
| fixed length control field | 01220nam a2200397 a 4500 |
| 001 - CONTROL NUMBER | |
| control field | 21506 |
| 003 - CONTROL NUMBER IDENTIFIER | |
| control field | CZ PrNK |
| 005 - DATE AND TIME OF LATEST TRANSACTION | |
| control field | 20260303081436.0 |
| 007 - PHYSICAL DESCRIPTION FIXED FIELD--GENERAL INFORMATION | |
| fixed length control field | ta |
| 008 - FIXED-LENGTH DATA ELEMENTS--GENERAL INFORMATION | |
| fixed length control field | 070716s2007 xr a a 000 f cze |
| 015 ## - NATIONAL BIBLIOGRAPHY NUMBER | |
| National bibliography number | cnb001726758 |
| 020 ## - INTERNATIONAL STANDARD BOOK NUMBER | |
| International Standard Book Number | 9788073470340 |
| Qualifying information | (váz.) |
| 035 ## - SYSTEM CONTROL NUMBER | |
| System control number | (OCoLC)188563168 |
| 040 ## - CATALOGING SOURCE | |
| Original cataloging agency | ABA001 |
| Language of cataloging | cze |
| Modifying agency | BOA001 |
| 041 1# - LANGUAGE CODE | |
| Language code of text/sound track or separate title | cze |
| Language code of original | slo |
| 072 #7 - SUBJECT CATEGORY CODE | |
| Subject category code | 821-93 |
| Subject category code subdivision | Literatura pro děti a mládež (beletrie) |
| Source | Konspekt |
| 080 ## - UNIVERSAL DECIMAL CLASSIFICATION NUMBER | |
| Universal Decimal Classification number | 821-93 |
| Edition identifier | MRF |
| 080 ## - UNIVERSAL DECIMAL CLASSIFICATION NUMBER | |
| Universal Decimal Classification number | 821-34 |
| Edition identifier | MRF |
| 080 ## - UNIVERSAL DECIMAL CLASSIFICATION NUMBER | |
| Universal Decimal Classification number | (0:82-34) |
| Edition identifier | MRF |
| 080 ## - UNIVERSAL DECIMAL CLASSIFICATION NUMBER | |
| Universal Decimal Classification number | (0.025.2) |
| Edition identifier | MRF |
| 100 1# - MAIN ENTRY--PERSONAL NAME | |
| Personal name | Vrabec, Ján |
| Relationship | aut |
| -- | ill |
| 245 10 - TITLE STATEMENT | |
| Title | Popelka : |
| Remainder of title | [maxileporelo / |
| Statement of responsibility, etc. | ilustrace a texty] Ján Vrabec ; [překlad Věra Škrobánková] |
| 260 ## - PUBLICATION, DISTRIBUTION, ETC. | |
| Place of publication, distribution, etc. | Ostrava : |
| Name of publisher, distributor, etc. | Knižní expres, |
| Date of publication, distribution, etc. | [2007] |
| 300 ## - PHYSICAL DESCRIPTION | |
| Extent | [8] s. : |
| Other physical details | vše barev. il. ; |
| Dimensions | 38 cm |
| 500 ## - GENERAL NOTE | |
| General note | Přeloženo ze slovenštiny? |
| 500 ## - GENERAL NOTE | |
| General note | Kartonové listy |
| 655 #7 - INDEX TERM--GENRE/FORM | |
| Genre/form data or focus term | pohádky |
| Source of term | czenas |
| 655 #7 - INDEX TERM--GENRE/FORM | |
| Genre/form data or focus term | leporela |
| Source of term | czenas |
| 655 #7 - INDEX TERM--GENRE/FORM | |
| Genre/form data or focus term | publikace pro děti |
| Source of term | czenas |
| 655 #9 - INDEX TERM--GENRE/FORM | |
| Genre/form data or focus term | fairy tales |
| Source of term | eczenas |
| 655 #9 - INDEX TERM--GENRE/FORM | |
| Genre/form data or focus term | folding picture-books |
| Source of term | eczenas |
| 655 #9 - INDEX TERM--GENRE/FORM | |
| Genre/form data or focus term | children's literature |
| Source of term | eczenas |
| 901 ## - LOCAL DATA ELEMENT A, LDA (RLIN) | |
| b | 9788073470340 |
| f | [1. vyd.] |
| o | 20070920 |
| 910 ## - USER-OPTION DATA (OCLC) | |
| User-option data | ABA001 |
| 942 ## - ADDED ENTRY ELEMENTS (KOHA) | |
| Source of classification or shelving scheme | Dewey Decimal Classification |
| Koha item type | Krásna literatúra pre deti |
| Suppress in OPAC | No |
| Stav vyradenia | Strata | Poškodenie | Spôsob nadobudnutia | Domovská knižnica | Aktuálna knižnica | Dátum nadobudnutia | Total checkouts | Čiarový kód exemplára | Date last seen | Typ exemplára |
|---|---|---|---|---|---|---|---|---|---|---|
| Dar | Obecná knižnica Turčianska Štiavnička | Obecná knižnica Turčianska Štiavnička | 03.03.2026 | 4738000218 | 03.03.2026 | Krásna literatúra pre deti |
